• 首页
  • 本馆介绍
  • 公告通知
  • 最新文献
  • 馆藏检索
  • 电子资源
  • 读者导购
  • 参考咨询
  • 我的图书馆
  • 登录
  • 详细信息显示
  • 放入我的书架
  • 预约/预借图书
  • 作者相关作品
  • 分类相关作品
  • 丛书相关作品
  • 出版社相关作品

书目信息

  • 表格格式
  • 工作单格式
  • 卡片格式
题名:
野蛮的文明
    
 
作者: 李力研 著
分册:  
出版信息: 北京   中国社会出版社  1998.04
页数: 509页
开本: 21cm
丛书名:
单 册:
中图分类: G80
科图分类:
主题词: 体育理论
电子资源:
ISBN: 7-80146-019-7
000 00632nam0 2200217 45
001 0001050930
005 20040508104714.4
010    @a7-80146-019-7@b软精装@dCNY22.60
100    @a20000105d1998 km y0chiy0120 ea
101    @achi
105    @a z 000yy
200 1  @a野蛮的文明@AYe Man De Wen Ming@e体育的哲学宣言@ETi Yu De Zhe Xue Xuan Yan@f李力研著
210    @a北京@c中国社会出版社@d1998.04
215    @a509页@d21cm
300    @a附录三则
517    @a体育的哲学宣言@ATi Yu De Zhe Xue Xuan Yan
606 0  @a体育理论
690    @aG80@v1
701    @a李力研@4著
801    @aCN@bTSTC@c20000105
905    @dG80@e105@f1@b284539
    
    野蛮的文明:体育的哲学宣言/李力研著.-北京:中国社会出版社,1998.04
    509页;21cm
    附录三则
    
    ISBN 7-80146-019-7(软精装):CNY22.60
    
●
相关链接 在E读中查询图书 在五车中查询图书 在当当中查询图书 在豆瓣中查询图书


正题名:野蛮的文明     索取号:G80/105         预约/预借

序号 登录号 条形码 馆藏地/架位号 状态 备注
1 0284539   002845390   第四借阅区/ [索取号:G80/105] 在馆    
2 0284540   002845407   第四借阅区/ [索取号:G80/105] 在馆    
3 0284541   002845416   第一样本阅览室/ [索取号:G80/105] 在馆    
唐山师范学院图书馆 欢迎您!
大连网信软件有限公司© 版权所有